[Event "April 9 Late 2024"]
[Site "Chess.com"]
[Date "2024.04.09"]
[Round "3"]
[White "Yang, Aimee"]
[Black "Shah Dev"]
[Result "0-1"]
[Board "138"]
[WhiteFideId "30996066"]
[BlackFideId "35019058"]
[WhiteTitle "WCM"]
[BlackTitle "CM"]
[WhiteElo "1757"]
[BlackElo "2515"]
[WhiteTeam "USA"]
[BlackTeam "IND"]
[WhiteClock "0:00:00"]
[BlackClock "0:01:30"]
[Variant "Standard"]

1. d4 {[%clk 0:02:50]}  d5 {[%clk 0:02:45]} 2. c4 {[%clk 0:02:42]}  e6 {[%clk 0:02:44]} 3. Nc3 {[%clk 0:02:40]}  Nf6 {[%clk 0:02:44]} 4. cxd5 {[%clk 0:02:37]}  exd5 {[%clk 0:02:44]} 5. Bg5 {[%clk 0:02:33]}  Be7 {[%clk 0:02:43]} 6. e3 {[%clk 0:02:29]}  O-O {[%clk 0:02:43]} 7. Bd3 {[%clk 0:02:27]}  c5 {[%clk 0:02:41]} 8. Nf3 {[%clk 0:02:24]}  Nc6 {[%clk 0:02:38]} 9. O-O {[%clk 0:02:19]}  cxd4 {[%clk 0:02:34]} 10. exd4 {[%clk 0:02:12]}  Bg4 {[%clk 0:02:33]} 11. Be3 {[%clk 0:01:15]}  Rc8 {[%clk 0:02:10]} 12. Rc1 {[%clk 0:01:03]}  Bd6 {[%clk 0:01:57]} 13. h3 {[%clk 0:01:00]}  Bh5 {[%clk 0:01:53]} 14. Be2 {[%clk 0:00:50]}  Bb8 {[%clk 0:01:51]} 15. Qb3 {[%clk 0:00:39]}  Qd6 {[%clk 0:01:46]} 16. g3 {[%clk 0:00:26]}  Qe7 {[%clk 0:01:40]} 17. Rfe1 {[%clk 0:00:19]}  Bxg3 {[%clk 0:01:38]} 18. Kg2 {[%clk 0:00:16]}  Bb8 {[%clk 0:01:36]} 19. Nxd5 {[%clk 0:00:08]}  Nxd5 {[%clk 0:01:34]} 20. Qxd5 {[%clk 0:00:09]}  Bg6 {[%clk 0:01:34]} 21. Rc5 {[%clk 0:00:01]}  Be4 {[%clk 0:01:32]} 22. Qc4 {[%clk 0:00:00]}  Qc7 {[%clk 0:01:30]} 0-1

[Event "April 9 Late 2024"]
[Site "Chess.com"]
[Date "2024.04.10"]
[Round "3"]
[White "Romanchuk, Viktor"]
[Black "Bynum, Jacorey"]
[Result "0-1"]
[Board "142"]
[WhiteFideId "14109271"]
[BlackFideId "39927644"]
[WhiteTitle "FM"]
[WhiteElo "2563"]
[BlackElo "2397"]
[WhiteTeam "UKR"]
[BlackTeam "USA"]
[WhiteClock "0:00:00"]
[BlackClock "0:00:04"]
[Variant "Standard"]

1. d4 {[%clk 0:03:00]}  Nf6 {[%clk 0:02:59]} 2. c4 {[%clk 0:02:59]}  e6 {[%clk 0:02:59]} 3. Nc3 {[%clk 0:02:59]}  d5 {[%clk 0:02:58]} 4. Nf3 {[%clk 0:02:58]}  Be7 {[%clk 0:02:59]} 5. Bf4 {[%clk 0:02:58]}  O-O {[%clk 0:02:58]} 6. e3 {[%clk 0:02:58]}  c6 {[%clk 0:02:58]} 7. Qc2 {[%clk 0:02:54]}  b6 {[%clk 0:02:56]} 8. Bd3 {[%clk 0:02:51]}  dxc4 {[%clk 0:02:50]} 9. Bxc4 {[%clk 0:02:51]}  Ba6 {[%clk 0:02:50]} 10. Bxa6 {[%clk 0:02:42]}  Nxa6 {[%clk 0:02:51]} 11. O-O {[%clk 0:02:38]}  Nb4 {[%clk 0:02:51]} 12. Qa4 {[%clk 0:02:36]}  b5 {[%clk 0:02:37]} 13. Qb3 {[%clk 0:02:35]}  a6 {[%clk 0:02:24]} 14. Rfd1 {[%clk 0:02:30]}  Nbd5 {[%clk 0:02:18]} 15. Bg3 {[%clk 0:02:19]}  Qb6 {[%clk 0:02:13]} 16. Ne5 {[%clk 0:02:15]}  Rfc8 {[%clk 0:02:05]} 17. a4 {[%clk 0:02:09]}  Nxc3 {[%clk 0:02:03]} 18. bxc3 {[%clk 0:01:33]}  c5 {[%clk 0:01:40]} 19. Bh4 {[%clk 0:01:32]}  c4 {[%clk 0:01:38]} 20. Qb2 {[%clk 0:01:26]}  b4 {[%clk 0:01:00]} 21. cxb4 {[%clk 0:01:01]}  Bxb4 {[%clk 0:00:53]} 22. Bxf6 {[%clk 0:00:55]}  gxf6 {[%clk 0:00:48]} 23. Nd7 {[%clk 0:00:55]}  Qa5 {[%clk 0:00:41]} 24. Nxf6+ {[%clk 0:00:52]}  Kg7 {[%clk 0:00:41]} 25. Nh5+ {[%clk 0:00:52]}  Kh6 {[%clk 0:00:35]} 26. g4 {[%clk 0:00:48]}  Bc3 {[%clk 0:00:33]} 27. Qb7 {[%clk 0:00:18]}  Qg5 {[%clk 0:00:22]} 28. h3 {[%clk 0:00:15]}  Bxa1 {[%clk 0:00:20]} 29. Rxa1 {[%clk 0:00:13]}  c3 {[%clk 0:00:18]} 30. Qxf7 {[%clk 0:00:12]}  c2 {[%clk 0:00:18]} 31. Rc1 {[%clk 0:00:11]}  Rc6 {[%clk 0:00:10]} 32. f4 {[%clk 0:00:11]}  Qg6 {[%clk 0:00:09]} 33. Qb7 {[%clk 0:00:05]}  Rac8 {[%clk 0:00:09]} 34. Ng3 {[%clk 0:00:05]}  Qd3 {[%clk 0:00:07]} 35. g5+ {[%clk 0:00:06]}  Kg6 {[%clk 0:00:07]} 36. f5+ {[%clk 0:00:05]}  exf5 {[%clk 0:00:07]} 37. Qe7 {[%clk 0:00:04]}  R8c7 {[%clk 0:00:05]} 38. Qe8+ {[%clk 0:00:03]}  Rf7 {[%clk 0:00:05]} 39. Qxc6+ {[%clk 0:00:02]}  Kg7 {[%clk 0:00:05]} 40. Qxc2 {[%clk 0:00:02]}  Qxe3+ {[%clk 0:00:05]} 41. Kg2 {[%clk 0:00:03]}  Qxg5 {[%clk 0:00:04]} 42. h4 {[%clk 0:00:03]}  Qg4 {[%clk 0:00:04]} 43. Qe2 {[%clk 0:00:03]}  Qxh4 {[%clk 0:00:04]} 44. Rh1 {[%clk 0:00:02]}  Qg5 {[%clk 0:00:04]} 45. Rh5 {[%clk 0:00:00]}  Qg6 {[%clk 0:00:04]} 0-1

[Event "April 9 Late 2024"]
[Site "Chess.com"]
[Date "2024.04.09"]
[Round "3"]
[White "Yang, Kevin"]
[Black "Cardozo Munar, Carlos Eduardo"]
[Result "1-0"]
[Board "146"]
[WhiteFideId "30908485"]
[BlackFideId "4409477"]
[BlackTitle "FM"]
[WhiteElo "2481"]
[BlackElo "2220"]
[WhiteTeam "USA"]
[BlackTeam "COL"]
[WhiteClock "0:00:18"]
[BlackClock "0:00:12"]
[Variant "Standard"]

1. e4 {[%clk 0:03:00]}  e6 {[%clk 0:02:55]} 2. Nc3 {[%clk 0:03:00]}  d5 {[%clk 0:02:55]} 3. d3 {[%clk 0:02:59]}  dxe4 {[%clk 0:02:53]} 4. Nxe4 {[%clk 0:02:57]}  Nf6 {[%clk 0:02:53]} 5. Qe2 {[%clk 0:02:42]}  Nxe4 {[%clk 0:02:52]} 6. dxe4 {[%clk 0:02:38]}  Bd7 {[%clk 0:02:52]} 7. g3 {[%clk 0:02:36]}  Bc6 {[%clk 0:02:52]} 8. Bg2 {[%clk 0:02:36]}  Nd7 {[%clk 0:02:53]} 9. Nf3 {[%clk 0:02:33]}  Bd6 {[%clk 0:02:52]} 10. Nd4 {[%clk 0:02:30]}  Ne5 {[%clk 0:02:43]} 11. Nxc6 {[%clk 0:02:14]}  Nxc6 {[%clk 0:02:42]} 12. O-O {[%clk 0:02:11]}  O-O {[%clk 0:02:42]} 13. f4 {[%clk 0:02:06]}  e5 {[%clk 0:02:42]} 14. c3 {[%clk 0:02:02]}  Qe7 {[%clk 0:02:32]} 15. f5 {[%clk 0:01:55]}  f6 {[%clk 0:02:06]} 16. g4 {[%clk 0:01:55]}  h6 {[%clk 0:02:01]} 17. h4 {[%clk 0:01:51]}  Rfd8 {[%clk 0:02:00]} 18. Kh2 {[%clk 0:01:44]}  Kf7 {[%clk 0:01:56]} 19. Qc4+ {[%clk 0:01:42]}  Ke8 {[%clk 0:01:54]} 20. Be3 {[%clk 0:01:38]}  Kd7 {[%clk 0:01:52]} 21. b4 {[%clk 0:01:29]}  a6 {[%clk 0:01:52]} 22. a4 {[%clk 0:01:28]}  Rh8 {[%clk 0:01:42]} 23. Rfd1 {[%clk 0:01:21]}  Kc8 {[%clk 0:01:26]} 24. b5 {[%clk 0:01:01]}  Na5 {[%clk 0:01:22]} 25. Qd5 {[%clk 0:01:01]}  Rd8 {[%clk 0:01:14]} 26. bxa6 {[%clk 0:00:46]}  Rxa6 {[%clk 0:01:12]} 27. Bf1 {[%clk 0:00:44]}  Ra8 {[%clk 0:00:37]} 28. Rd2 {[%clk 0:00:33]}  c6 {[%clk 0:00:28]} 29. Qa2 {[%clk 0:00:31]}  Bc7 {[%clk 0:00:29]} 30. Rad1 {[%clk 0:00:28]}  Rxd2+ {[%clk 0:00:27]} 31. Rxd2 {[%clk 0:00:29]}  b6 {[%clk 0:00:27]} 32. Rb2 {[%clk 0:00:25]}  Kb7 {[%clk 0:00:26]} 33. Qb1 {[%clk 0:00:23]}  Nc4 {[%clk 0:00:26]} 34. Bxc4 {[%clk 0:00:22]}  Rxa4 {[%clk 0:00:23]} 35. Bxb6 {[%clk 0:00:20]}  Rxc4 {[%clk 0:00:19]} 36. Bc5+ {[%clk 0:00:19]}  Kc8 {[%clk 0:00:15]} 37. Bxe7 {[%clk 0:00:19]}  Rxe4 {[%clk 0:00:12]} 38. Qxe4 {[%clk 0:00:18]} 1-0

[Event "April 9 Late 2024"]
[Site "Chess.com"]
[Date "2024.04.09"]
[Round "3"]
[White "Ramil Faizrakhmanov"]
[Black "Vifleemskaia, Svetlana"]
[Result "1-0"]
[Board "148"]
[WhiteFideId "24103209"]
[BlackFideId "4129490"]
[WhiteTitle "IM"]
[BlackTitle "WFM"]
[WhiteElo "2875"]
[BlackElo "2317"]
[WhiteTeam "RUS"]
[BlackTeam "RUS"]
[WhiteClock "0:02:12"]
[BlackClock "0:01:20"]
[Variant "Standard"]

1. e4 {[%clk 0:03:00]}  e5 {[%clk 0:02:52]} 2. Nf3 {[%clk 0:03:00]}  Nc6 {[%clk 0:02:52]} 3. Bc4 {[%clk 0:03:00]}  Nf6 {[%clk 0:02:51]} 4. d3 {[%clk 0:03:00]}  Be7 {[%clk 0:02:51]} 5. O-O {[%clk 0:02:59]}  O-O {[%clk 0:02:52]} 6. Nc3 {[%clk 0:02:59]}  a6 {[%clk 0:02:50]} 7. a4 {[%clk 0:02:59]}  d6 {[%clk 0:02:49]} 8. h3 {[%clk 0:02:52]}  Be6 {[%clk 0:02:49]} 9. Nd5 {[%clk 0:02:50]}  Bxd5 {[%clk 0:02:45]} 10. exd5 {[%clk 0:02:51]}  Nb4 {[%clk 0:02:43]} 11. d4 {[%clk 0:02:51]}  e4 {[%clk 0:02:42]} 12. Nd2 {[%clk 0:02:48]}  b5 {[%clk 0:02:28]} 13. axb5 {[%clk 0:02:41]}  axb5 {[%clk 0:02:27]} 14. Rxa8 {[%clk 0:02:42]}  Qxa8 {[%clk 0:02:27]} 15. Bxb5 {[%clk 0:02:43]}  Qxd5 {[%clk 0:02:25]} 16. Bc4 {[%clk 0:02:43]}  Qf5 {[%clk 0:02:10]} 17. c3 {[%clk 0:02:28]}  Nbd5 {[%clk 0:02:06]} 18. Re1 {[%clk 0:02:26]}  Nf4 {[%clk 0:02:01]} 19. Nf1 {[%clk 0:02:24]}  d5 {[%clk 0:02:00]} 20. Ng3 {[%clk 0:02:24]}  Qg5 {[%clk 0:01:31]} 21. Bf1 {[%clk 0:02:23]}  Qh4 {[%clk 0:01:29]} 22. Nf5 {[%clk 0:02:15]}  Nxh3+ {[%clk 0:01:24]} 23. gxh3 {[%clk 0:02:13]}  Qg5+ {[%clk 0:01:20]} 24. Bxg5 {[%clk 0:02:12]} 1-0

[Event "April 9 Late 2024"]
[Site "Chess.com"]
[Date "2024.04.09"]
[Round "3"]
[White "Harish, Neeraj"]
[Black "Harsh Suresh"]
[Result "0-1"]
[Board "149"]
[WhiteFideId "30958130"]
[BlackFideId "45018464"]
[WhiteTitle "CM"]
[BlackTitle "FM"]
[WhiteElo "2315"]
[BlackElo "2858"]
[WhiteTeam "USA"]
[BlackTeam "IND"]
[WhiteClock "0:00:00"]
[BlackClock "0:01:09"]
[Variant "Standard"]

1. e4 {[%clk 0:03:00]}  a6 {[%clk 0:03:00]} 2. d4 {[%clk 0:02:59]}  d6 {[%clk 0:03:00]} 3. Nc3 {[%clk 0:02:58]}  Nf6 {[%clk 0:02:58]} 4. f4 {[%clk 0:02:56]}  b5 {[%clk 0:02:56]} 5. e5 {[%clk 0:02:46]}  Ng8 {[%clk 0:02:55]} 6. Nf3 {[%clk 0:02:45]}  Bb7 {[%clk 0:02:55]} 7. Bd3 {[%clk 0:02:42]}  e6 {[%clk 0:02:55]} 8. Be3 {[%clk 0:02:37]}  Nd7 {[%clk 0:02:55]} 9. O-O {[%clk 0:02:36]}  g6 {[%clk 0:02:35]} 10. a4 {[%clk 0:02:31]}  b4 {[%clk 0:02:32]} 11. Ne2 {[%clk 0:02:31]}  c5 {[%clk 0:02:31]} 12. c3 {[%clk 0:02:31]}  Ne7 {[%clk 0:02:30]} 13. exd6 {[%clk 0:02:03]}  Nd5 {[%clk 0:02:30]} 14. Bf2 {[%clk 0:01:55]}  Bxd6 {[%clk 0:02:30]} 15. c4 {[%clk 0:01:45]}  Nxf4 {[%clk 0:02:26]} 16. Nxf4 {[%clk 0:01:42]}  Bxf4 {[%clk 0:02:26]} 17. Bh4 {[%clk 0:01:27]}  Qc7 {[%clk 0:02:15]} 18. Ng5 {[%clk 0:00:37]}  O-O {[%clk 0:01:35]} 19. Qe2 {[%clk 0:00:07]}  cxd4 {[%clk 0:01:23]} 20. Nxe6 {[%clk 0:00:03]}  fxe6 {[%clk 0:01:22]} 21. Qxe6+ {[%clk 0:00:03]}  Kh8 {[%clk 0:01:23]} 22. Rae1 {[%clk 0:00:00]}  Qc6 {[%clk 0:01:09]} 0-1

[Event "April 9 Late 2024"]
[Site "Chess.com"]
[Date "2024.04.09"]
[Round "3"]
[White "Boros, Denes"]
[Black "Marcziter, Dmitrii"]
[Result "1-0"]
[Board "150"]
[WhiteFideId "722340"]
[BlackFideId "13900765"]
[WhiteTitle "GM"]
[BlackTitle "FM"]
[WhiteElo "2823"]
[BlackElo "2313"]
[WhiteTeam "HUN"]
[BlackTeam "GER"]
[WhiteClock "0:01:58"]
[BlackClock "0:00:18"]
[Variant "Standard"]

1. d4 {[%clk 0:03:00]}  Nf6 {[%clk 0:02:58]} 2. Nc3 {[%clk 0:03:00]}  d5 {[%clk 0:02:57]} 3. Bg5 {[%clk 0:03:00]}  Nbd7 {[%clk 0:02:55]} 4. Nf3 {[%clk 0:02:59]}  c6 {[%clk 0:02:53]} 5. Qd3 {[%clk 0:02:59]}  h6 {[%clk 0:02:53]} 6. Bf4 {[%clk 0:02:59]}  Qb6 {[%clk 0:02:52]} 7. O-O-O {[%clk 0:02:58]}  e6 {[%clk 0:02:49]} 8. e4 {[%clk 0:02:58]}  dxe4 {[%clk 0:02:49]} 9. Nxe4 {[%clk 0:02:59]}  Nxe4 {[%clk 0:02:49]} 10. Qxe4 {[%clk 0:03:00]}  Nf6 {[%clk 0:02:47]} 11. Qd3 {[%clk 0:02:59]}  Be7 {[%clk 0:02:42]} 12. Ne5 {[%clk 0:02:58]}  O-O {[%clk 0:02:40]} 13. g4 {[%clk 0:02:57]}  Nd5 {[%clk 0:02:40]} 14. Bd2 {[%clk 0:02:55]}  c5 {[%clk 0:02:35]} 15. g5 {[%clk 0:02:53]}  Bxg5 {[%clk 0:02:25]} 16. Rg1 {[%clk 0:02:51]}  Bxd2+ {[%clk 0:02:23]} 17. Qxd2 {[%clk 0:02:51]}  Kh8 {[%clk 0:02:18]} 18. Bd3 {[%clk 0:02:49]}  Nb4 {[%clk 0:02:13]} 19. Be4 {[%clk 0:02:34]}  cxd4 {[%clk 0:02:05]} 20. Rxg7 {[%clk 0:02:20]}  Kxg7 {[%clk 0:01:59]} 21. Qf4 {[%clk 0:02:17]}  Nxa2+ {[%clk 0:01:55]} 22. Kd2 {[%clk 0:02:17]}  Qb4+ {[%clk 0:01:28]} 23. Ke2 {[%clk 0:02:13]}  d3+ {[%clk 0:01:28]} 24. Nxd3 {[%clk 0:02:01]}  Qd4 {[%clk 0:00:23]} 25. Rg1+ {[%clk 0:01:58]}  Kh8 {[%clk 0:00:18]} 26. Qxh6# {[%clk 0:01:58]} 1-0

[Event "April 9 Late 2024"]
[Site "Chess.com"]
[Date "2024.04.09"]
[Round "3"]
[White "Montano Vicente, Guadalupe"]
[Black "Bilan, Danila"]
[Result "0-1"]
[Board "154"]
[WhiteFideId "5181399"]
[BlackFideId "24161918"]
[BlackTitle "FM"]
[WhiteElo "2289"]
[BlackElo "2576"]
[WhiteTeam "MEX"]
[BlackTeam "RUS"]
[WhiteClock "0:00:37"]
[BlackClock "0:00:21"]
[Variant "Standard"]

1. d4 {[%clk 0:03:00]}  d5 {[%clk 0:02:55]} 2. c4 {[%clk 0:03:01]}  c6 {[%clk 0:02:55]} 3. Nc3 {[%clk 0:03:00]}  Nf6 {[%clk 0:02:55]} 4. cxd5 {[%clk 0:03:00]}  cxd5 {[%clk 0:02:56]} 5. Bf4 {[%clk 0:03:00]}  a6 {[%clk 0:02:56]} 6. e3 {[%clk 0:03:00]}  Nc6 {[%clk 0:02:57]} 7. Bd3 {[%clk 0:02:56]}  Bg4 {[%clk 0:02:57]} 8. Nge2 {[%clk 0:02:53]}  e6 {[%clk 0:02:54]} 9. O-O {[%clk 0:02:52]}  Bd6 {[%clk 0:02:54]} 10. f3 {[%clk 0:02:52]}  Bh5 {[%clk 0:02:53]} 11. Qd2 {[%clk 0:02:45]}  O-O {[%clk 0:02:50]} 12. Rac1 {[%clk 0:02:42]}  Rc8 {[%clk 0:02:49]} 13. Bxd6 {[%clk 0:02:33]}  Qxd6 {[%clk 0:02:48]} 14. Nf4 {[%clk 0:02:33]}  Bg6 {[%clk 0:02:48]} 15. Nxg6 {[%clk 0:02:30]}  hxg6 {[%clk 0:02:49]} 16. Be2 {[%clk 0:02:26]}  b5 {[%clk 0:02:47]} 17. Rfd1 {[%clk 0:02:23]}  Rc7 {[%clk 0:02:40]} 18. e4 {[%clk 0:02:20]}  Qb4 {[%clk 0:02:03]} 19. e5 {[%clk 0:02:01]}  Nd7 {[%clk 0:01:58]} 20. Nb1 {[%clk 0:01:31]}  Rfc8 {[%clk 0:01:55]} 21. Rc3 {[%clk 0:01:18]}  Nb6 {[%clk 0:01:40]} 22. b3 {[%clk 0:01:15]}  Qxd4+ {[%clk 0:00:24]} 23. Qxd4 {[%clk 0:01:05]}  Nxd4 {[%clk 0:00:25]} 24. Rxd4 {[%clk 0:00:45]}  Rxc3 {[%clk 0:00:25]} 25. Nxc3 {[%clk 0:00:45]}  Rxc3 {[%clk 0:00:25]} 26. Rd2 {[%clk 0:00:46]}  Nd7 {[%clk 0:00:23]} 27. f4 {[%clk 0:00:46]}  Nc5 {[%clk 0:00:22]} 28. Bf3 {[%clk 0:00:44]}  b4 {[%clk 0:00:22]} 29. h3 {[%clk 0:00:41]}  Nd3 {[%clk 0:00:21]} 30. Kh2 {[%clk 0:00:37]}  Nxf4 {[%clk 0:00:21]} 0-1

[Event "April 9 Late 2024"]
[Site "Chess.com"]
[Date "2024.04.09"]
[Round "3"]
[White "Santos Flores, Alberto"]
[Black "Prokhorov, Oleksandr"]
[Result "1-0"]
[Board "155"]
[WhiteFideId "3601234"]
[BlackFideId "14105578"]
[WhiteTitle "IM"]
[WhiteElo "2534"]
[BlackElo "2288"]
[WhiteTeam "ECU"]
[BlackTeam "UKR"]
[WhiteClock "0:00:47"]
[BlackClock "0:00:00"]
[Variant "Standard"]

1. e4 {[%clk 0:03:00]}  d6 {[%clk 0:01:31]} 2. d4 {[%clk 0:02:59]}  Nf6 {[%clk 0:01:29]} 3. Nc3 {[%clk 0:02:59]}  g6 {[%clk 0:01:27]} 4. Be3 {[%clk 0:02:59]}  c6 {[%clk 0:01:25]} 5. Qd2 {[%clk 0:02:58]}  b5 {[%clk 0:01:26]} 6. Bd3 {[%clk 0:02:58]}  Nbd7 {[%clk 0:01:22]} 7. Nf3 {[%clk 0:02:58]}  Qc7 {[%clk 0:01:23]} 8. Bh6 {[%clk 0:02:56]}  Bxh6 {[%clk 0:01:14]} 9. Qxh6 {[%clk 0:02:57]}  b4 {[%clk 0:01:14]} 10. Ne2 {[%clk 0:02:57]}  Bb7 {[%clk 0:01:13]} 11. O-O-O {[%clk 0:02:55]}  c5 {[%clk 0:01:14]} 12. e5 {[%clk 0:02:44]}  c4 {[%clk 0:01:02]} 13. exf6 {[%clk 0:02:33]}  cxd3 {[%clk 0:00:59]} 14. Rxd3 {[%clk 0:02:33]}  Nxf6 {[%clk 0:00:55]} 15. Ng3 {[%clk 0:02:29]}  Rc8 {[%clk 0:00:45]} 16. Qd2 {[%clk 0:02:21]}  a5 {[%clk 0:00:34]} 17. Re1 {[%clk 0:02:19]}  O-O {[%clk 0:00:33]} 18. Kb1 {[%clk 0:02:17]}  a4 {[%clk 0:00:32]} 19. Ng5 {[%clk 0:01:37]}  Bxg2 {[%clk 0:00:24]} 20. f3 {[%clk 0:01:36]}  h6 {[%clk 0:00:16]} 21. N5e4 {[%clk 0:01:33]}  Nxe4 {[%clk 0:00:12]} 22. fxe4 {[%clk 0:01:32]}  b3 {[%clk 0:00:08]} 23. Qxg2 {[%clk 0:01:28]}  bxc2+ {[%clk 0:00:06]} 24. Kc1 {[%clk 0:01:27]}  Qc4 {[%clk 0:00:06]} 25. Ra3 {[%clk 0:01:24]}  Qxd4 {[%clk 0:00:06]} 26. Qd2 {[%clk 0:01:22]}  Qe5 {[%clk 0:00:05]} 27. Ree3 {[%clk 0:01:14]}  Rb8 {[%clk 0:00:05]} 28. Rac3 {[%clk 0:01:11]}  Rfc8 {[%clk 0:00:05]} 29. Qxc2 {[%clk 0:01:09]}  Rxc3 {[%clk 0:00:04]} 30. Rxc3 {[%clk 0:01:10]}  Qf4+ {[%clk 0:00:04]} 31. Kb1 {[%clk 0:01:10]}  Kg7 {[%clk 0:00:05]} 32. a3 {[%clk 0:01:05]}  h5 {[%clk 0:00:05]} 33. Ne2 {[%clk 0:01:00]}  Qf1+ {[%clk 0:00:05]} 34. Nc1 {[%clk 0:01:00]}  h4 {[%clk 0:00:05]} 35. Qxa4 {[%clk 0:00:58]}  Qf2 {[%clk 0:00:04]} 36. Qc2 {[%clk 0:00:57]}  Qf4 {[%clk 0:00:03]} 37. Ka2 {[%clk 0:00:53]}  Qe5 {[%clk 0:00:03]} 38. Nb3 {[%clk 0:00:48]}  Qb5 {[%clk 0:00:02]} 39. Qd3 {[%clk 0:00:47]}  Qb6 {[%clk 0:00:00]} 40. Qd4+ {[%clk 0:00:47]} 1-0

[Event "April 9 Late 2024"]
[Site "Chess.com"]
[Date "2024.04.09"]
[Round "3"]
[White "Rohwer, Paul"]
[Black "Maltsevskaya, Aleksandra"]
[Result "1-0"]
[Board "158"]
[WhiteFideId "2007827"]
[BlackFideId "24174041"]
[BlackTitle "IM"]
[WhiteElo "2276"]
[BlackElo "2519"]
[WhiteTeam "USA"]
[BlackTeam "POL"]
[WhiteClock "0:00:37"]
[BlackClock "0:00:00"]
[Variant "Standard"]

1. e4 {[%clk 0:02:59]}  c5 {[%clk 0:02:56]} 2. Be2 {[%clk 0:02:58]}  e6 {[%clk 0:02:56]} 3. d3 {[%clk 0:02:59]}  d5 {[%clk 0:02:55]} 4. Nd2 {[%clk 0:02:56]}  Nc6 {[%clk 0:02:49]} 5. c3 {[%clk 0:02:55]}  g6 {[%clk 0:02:46]} 6. f4 {[%clk 0:02:53]}  Bg7 {[%clk 0:02:46]} 7. Ngf3 {[%clk 0:02:53]}  Nge7 {[%clk 0:02:46]} 8. O-O {[%clk 0:02:53]}  O-O {[%clk 0:02:45]} 9. Qe1 {[%clk 0:02:51]}  b5 {[%clk 0:02:45]} 10. Qf2 {[%clk 0:02:45]}  b4 {[%clk 0:02:40]} 11. e5 {[%clk 0:02:30]}  bxc3 {[%clk 0:02:36]} 12. bxc3 {[%clk 0:02:30]}  d4 {[%clk 0:02:30]} 13. cxd4 {[%clk 0:02:25]}  cxd4 {[%clk 0:02:29]} 14. Ba3 {[%clk 0:02:23]}  Ba6 {[%clk 0:02:27]} 15. Ne4 {[%clk 0:02:19]}  Nf5 {[%clk 0:02:24]} 16. Bxf8 {[%clk 0:02:15]}  Qxf8 {[%clk 0:02:20]} 17. Rfc1 {[%clk 0:02:12]}  Nb4 {[%clk 0:02:13]} 18. Nxd4 {[%clk 0:02:06]}  Nxd3 {[%clk 0:01:30]} 19. Bxd3 {[%clk 0:02:02]}  Bxd3 {[%clk 0:01:31]} 20. Nc5 {[%clk 0:01:57]}  Nxd4 {[%clk 0:01:17]} 21. Nxd3 {[%clk 0:01:49]}  Rd8 {[%clk 0:01:15]} 22. Nc5 {[%clk 0:01:46]}  Qe8 {[%clk 0:01:13]} 23. Nb7 {[%clk 0:01:42]}  Rd5 {[%clk 0:01:11]} 24. Nd6 {[%clk 0:01:41]}  Qa4 {[%clk 0:01:10]} 25. Rc8+ {[%clk 0:01:40]}  Bf8 {[%clk 0:01:10]} 26. Rb1 {[%clk 0:01:33]}  Qa6 {[%clk 0:00:45]} 27. Rbb8 {[%clk 0:01:26]}  Ne2+ {[%clk 0:00:44]} 28. Kf1 {[%clk 0:01:17]}  Rd1+ {[%clk 0:00:40]} 29. Qe1 {[%clk 0:01:17]}  Nxf4+ {[%clk 0:00:21]} 30. Kf2 {[%clk 0:01:16]}  Rxe1 {[%clk 0:00:20]} 31. Rxf8+ {[%clk 0:01:12]}  Kg7 {[%clk 0:00:21]} 32. Rxf7+ {[%clk 0:01:12]}  Kh6 {[%clk 0:00:21]} 33. Rxf4 {[%clk 0:01:03]}  Qe2+ {[%clk 0:00:12]} 34. Kg3 {[%clk 0:01:02]}  Qe3+ {[%clk 0:00:07]} 35. Kg4 {[%clk 0:00:59]}  Qe2+ {[%clk 0:00:08]} 36. Kg3 {[%clk 0:00:59]}  g5 {[%clk 0:00:04]} 37. Nf7+ {[%clk 0:00:51]}  Kh5 {[%clk 0:00:04]} 38. Rf3 {[%clk 0:00:50]}  Qe4 {[%clk 0:00:03]} 39. h3 {[%clk 0:00:44]}  Qh4+ {[%clk 0:00:02]} 40. Kh2 {[%clk 0:00:45]}  Qe4 {[%clk 0:00:03]} 41. Rg8 {[%clk 0:00:42]}  h6 {[%clk 0:00:02]} 42. Rh8 {[%clk 0:00:38]}  Kg6 {[%clk 0:00:03]} 43. Rxh6+ {[%clk 0:00:38]}  Kg7 {[%clk 0:00:03]} 44. Rhf6 {[%clk 0:00:38]}  Re2 {[%clk 0:00:03]} 45. Rg3 {[%clk 0:00:37]}  Rxa2 {[%clk 0:00:02]} 46. Rxg5+ {[%clk 0:00:37]}  Kf8 {[%clk 0:00:00]} 47. Nd6+ {[%clk 0:00:37]} 1-0

[Event "April 9 Late 2024"]
[Site "Chess.com"]
[Date "2024.04.09"]
[Round "3"]
[White "Andrew D Green"]
[Black "Ezat, Mohamed"]
[Result "0-1"]
[Board "159"]
[WhiteFideId "2401762"]
[BlackFideId "10600906"]
[WhiteTitle "CM"]
[BlackTitle "IM"]
[WhiteElo "2270"]
[BlackElo "2517"]
[WhiteTeam "SCO"]
[BlackTeam "EGY"]
[WhiteClock "0:00:20"]
[BlackClock "0:00:18"]
[Variant "Standard"]

1. d4 {[%clk 0:03:00]}  Nf6 {[%clk 0:00:56]} 2. Nf3 {[%clk 0:02:58]}  g6 {[%clk 0:00:56]} 3. Nc3 {[%clk 0:02:58]}  d5 {[%clk 0:00:55]} 4. Bf4 {[%clk 0:02:58]}  Bg7 {[%clk 0:00:54]} 5. e3 {[%clk 0:02:59]}  O-O {[%clk 0:00:54]} 6. Be2 {[%clk 0:02:59]}  Bg4 {[%clk 0:00:55]} 7. Ne5 {[%clk 0:02:53]}  Bxe2 {[%clk 0:00:54]} 8. Qxe2 {[%clk 0:02:54]}  Nbd7 {[%clk 0:00:54]} 9. h4 {[%clk 0:02:47]}  c6 {[%clk 0:00:53]} 10. g4 {[%clk 0:02:37]}  Nxe5 {[%clk 0:00:42]} 11. Bxe5 {[%clk 0:02:33]}  Qa5 {[%clk 0:00:40]} 12. f3 {[%clk 0:02:18]}  Nd7 {[%clk 0:00:34]} 13. Bxg7 {[%clk 0:02:16]}  Kxg7 {[%clk 0:00:35]} 14. h5 {[%clk 0:02:17]}  g5 {[%clk 0:00:34]} 15. h6+ {[%clk 0:02:12]}  Kh8 {[%clk 0:00:32]} 16. O-O-O {[%clk 0:02:12]}  b5 {[%clk 0:00:29]} 17. e4 {[%clk 0:01:41]}  b4 {[%clk 0:00:28]} 18. Nb1 {[%clk 0:01:39]}  e6 {[%clk 0:00:28]} 19. e5 {[%clk 0:01:24]}  Qxa2 {[%clk 0:00:25]} 20. Qe3 {[%clk 0:01:22]}  Rg8 {[%clk 0:00:22]} 21. Rh5 {[%clk 0:01:22]}  Nb6 {[%clk 0:00:21]} 22. b3 {[%clk 0:01:17]}  a5 {[%clk 0:00:21]} 23. Rxg5 {[%clk 0:01:17]}  a4 {[%clk 0:00:21]} 24. Qf4 {[%clk 0:00:52]}  f5 {[%clk 0:00:19]} 25. exf6 {[%clk 0:00:35]}  axb3 {[%clk 0:00:19]} 26. cxb3 {[%clk 0:00:35]}  Nc4 {[%clk 0:00:19]} 27. bxc4 {[%clk 0:00:32]}  Qxc4+ {[%clk 0:00:18]} 28. Kd2 {[%clk 0:00:28]}  Ra2+ {[%clk 0:00:18]} 29. Ke3 {[%clk 0:00:20]}  Re2# {[%clk 0:00:18]} 0-1